Countries A-Z with the Smallest Area - Statistics

General Stats
  • This quiz has been taken 224 times
  • The average score is 20 of 24
Answer Stats
Letter Area in km2 (mi2) Country % Correct
V 0.49 (0.19) Vatican City
95%
O 309,980 (119,680) Oman
92%
Z 390,757 (150,872) Zimbabwe
92%
Y 527,968 (203,850) Yemen
91%
Q 11,637 (4,493) Qatar
90%
F 702 (271) Federated States of Micronesia
89%
N 21 (8) Nauru
86%
A 442 (171) Antigua and Barbuda
85%
P 459 (177) Palau
84%
T 26 (10) Tuvalu
84%
J 10,991 (4,244) Jamaica
83%
K 811 (313) Kiribati
83%
L 160 (62) Liechtenstein
83%
M 2.0 (0.77) Monaco
83%
R 26,338 (10,169) Rwanda
82%
B 431 (166) Barbados
81%
H 27,750 (10,710) Haiti
81%
D 750 (290) Dominica
79%
E 17,363 (6,704) Eswatini
79%
G 345 (133) Grenada
79%
S 61 (24) San Marino
77%
U 71,024 (27,423) United Arab Emirates
72%
I 21,937 (8,470) Israel
64%
C 4,033 (1,557) Cabo Verde
62%
No matching quizzes found
Score Distribution
Percent of People with Each Score
Percentile by Number Answered
Your Score History
You have not taken this quiz